[Event "NTG Grand Prix Group A"]
[Site "Baerum NOR"]
[Date "2003.01.25"]
[EventDate "2003.01.24"]
[Round "2"]
[Result "0-1"]
[White "Magnus Carlsen"]
[Black "Oystein Boyum Fossum"]
[WhiteElo "2279"]
[BlackElo "2073"]
[PlyCount "54"]

1. f4 c5 2. g3 g6 3. Bg2 Bg7 4. e4 Nc6 5. Nf3 d6 6. O-O e5
7. d3 Nge7 8. c3 O-O 9. Be3 b6 10. Na3 Bb7 11. f5 d5 12. Ng5
d4 13. f6 dxe3 14. fxg7 Kxg7 15. Rxf7+ Rxf7 16. Ne6+ Kh8
17. Nxd8 Rxd8 18. Nc4 Ba6 19. Nxe3 Bxd3 20. Nd5 Bc4 21. b3 Ba6
22. Qg4 Rdf8 23. Qe6 Bc8 24. Qd6 Rd8 25. Qc7 Rd7 26. Rd1 Rxc7
27. Nxc7 Rf8 {and some more moves} 0-1

[Event "NTG Grand Prix Group A"]
[Site "Baerum NOR"]
[Date "2003.01.26"]
[EventDate "2003.01.24"]
[Round "5"]
[Result "1/2-1/2"]
[White "Frode Lillevold"]
[Black "Magnus Carlsen"]
[WhiteElo "2059"]
[BlackElo "2279"]
[PlyCount "77"]

1. d4 f5 2. g3 Nf6 3. Bg2 g6 4. Nf3 Bg7 5. O-O O-O 6. c4 d6
7. Nc3 c6 8. Qc2 Na6 9. a3 Qe8 10. d5 cxd5 11. cxd5 Bd7
12. Nd4 Rc8 13. Qb3 Nc5 14. Qa2 Nfe4 15. Nxe4 Nxe4 16. Be3 Bb5
17. Ne6 Bxe2 18. Nxg7 Kxg7 19. Rfc1 Qb5 20. a4 Qd3 21. Bxa7 f4
22. gxf4 Rxc1+ 23. Rxc1 Rc8 24. Qa1 Rxc1+ 25. Qxc1 Qxd5 26. h3
Kf7 27. Qc2 Bd3 28. Qd1 Qc4 29. Be3 d5 30. b3 Qc3 31. Bf1 Bxf1
32. Qxd5+ Ke8 33. Kxf1 Nd6 34. Kg2 Nf5 35. Qb5+ Kf8 36. Qxb7
Nxe3+ 37. fxe3 Qd2+ 38. Kf3 Qd1+ 39. Kf2 1/2-1/2

[Event "NTG Grand Prix Group A"]
[Site "Baerum NOR"]
[Date "2003.01.26"]
[EventDate "2003.01.24"]
[Round "4"]
[Result "1-0"]
[White "Magnus Carlsen"]
[Black "Jon Ludvig Hammer"]
[WhiteElo "2279"]
[BlackElo "1869"]
[PlyCount "70"]

1. Nf3 Nf6 2. c4 c6 3. d4 d5 4. e3 a6 5. a4 e6 6. Nc3 Nbd7
7. Bd3 Bd6 8. O-O O-O 9. e4 dxe4 10. Nxe4 Nxe4 11. Bxe4 Nf6
12. Bc2 c5 13. Qd3 h6 14. Rd1 cxd4 15. Qxd4 Be7 16. Qh4 Qc7
17. Bf4 Qxc4 18. Nd4 Nd5 19. Qg3 Nxf4 20. Qxf4 Bf6 21. Qe4 g6
22. Rac1 Rd8 23. Qf3 Kg7 24. Bxg6 Qb4 25. Nc2 Qxb2 26. Be4
Rxd1+ 27. Rxd1 Qc3 28. Ne3 Qc5 29. g3 Rb8 30. h4 h5 31. Ng2 e5
32. Qxh5 Be6 33. Nf4 Bb3 34. Rd7 Kf8 35. Nd5 Be7 1-0

[Event "XI Open Internazionale Valle d'Aosta"]
[Site "Saint Vincent ITA"]
[Date "2003.02.08"]
[EventDate "2003.02.08"]
[Round "1"]
[Result "1-0"]
[White "Magnus Carlsen"]
[Black "Stefano Cremonini"]
[WhiteElo "2279"]
[BlackElo "1618"]
[PlyCount "59"]

1. e4 d6 2. d4 Nf6 3. Nc3 e5 4. Nf3 Nbd7 5. Bg5 Be7 6. Bc4 O-O
7. Qe2 exd4 8. Nxd4 Ne5 9. Bb3 c5 10. Nf3 Bd7 11. Nxe5 dxe5
12. O-O-O Qe8 13. h4 b5 14. Bd5 Rb8 15. Bxf6 Bxf6 16. Qe3 Qe7
17. g3 Rfc8 18. Rdg1 b4 19. Nd1 Be6 20. g4 g6 21. g5 Bg7
22. h5 Bxd5 23. exd5 Qd6 24. Qe4 Rd8 25. Ne3 Rbc8 26. hxg6
Qxg6 27. Nf5 Rd7 28. Rg3 Rcd8 29. Rh6 Kf8 30. Rxg6 1-0

[Event "XI Open Internazionale Valle d'Aosta"]
[Site "Saint Vincent ITA"]
[Date "2003.02.09"]
[EventDate "2003.02.08"]
[Round "2"]
[Result "1-0"]
[White "Rasul Ibrahimov"]
[Black "Magnus Carlsen"]
[WhiteElo "2462"]
[BlackElo "2279"]
[PlyCount "95"]

1. Nf3 d6 2. d4 f5 3. g3 Nf6 4. Bg2 g6 5. b3 Bg7 6. Bb2 O-O
7. O-O Ne4 8. c4 Nc6 9. Qc2 e5 10. e3 Qe8 11. a3 a5 12. Nc3
Nxc3 13. Bxc3 e4 14. Nd2 Bd7 15. Rae1 Qf7 16. f3 exf3 17. Bxf3
Kh8 18. Bd5 Qe7 19. Nf3 g5 20. e4 f4 21. e5 Bf5 22. Be4 Bxe4
23. Qxe4 g4 24. Nh4 fxg3 25. hxg3 dxe5 26. Nf5 Qxa3 27. d5
Qxb3 28. Qe3 Nd4 29. Bxd4 Qxe3+ 30. Bxe3 a4 31. Bc5 Rfe8
32. Nxg7 Kxg7 33. Ba3 Rad8 34. Re4 h5 35. Bb2 Kg6 36. Rxe5 a3
37. Bd4 Rxe5 38. Bxe5 Rd7 39. Bf4 b5 40. cxb5 Rxd5 41. Ra1
Rxb5 42. Rxa3 Rb1+ 43. Kf2 Rb2+ 44. Ke3 Rh2 45. Ra6+ Kf5
46. Ra5+ Kg6 47. Bg5 Rc2 48. Bh4 1-0

[Event "XI Open Internazionale Valle d'Aosta"]
[Site "Saint Vincent ITA"]
[Date "2003.02.10"]
[EventDate "2003.02.08"]
[Round "3"]
[Result "1-0"]
[White "Magnus Carlsen"]
[Black "Sonia Sirletti"]
[WhiteElo "2279"]
[BlackElo "2050"]
[PlyCount "77"]

1. d4 Nf6 2. Bg5 e6 3. e4 Be7 4. e5 Nd5 5. Bxe7 Nxe7 6. Nc3 d5
7. f4 c5 8. dxc5 Qa5 9. Qd2 a6 10. Ne4 Qxd2+ 11. Nxd2 Nbc6
12. Ngf3 Bd7 13. Bd3 Rc8 14. c3 O-O 15. b4 f6 16. O-O Ng6
17. Bxg6 hxg6 18. Nb3 Kf7 19. Nbd4 Ne7 20. g4 b6 21. cxb6 Rxc3
22. Rfc1 Rxc1+ 23. Rxc1 Rb8 24. Rc7 Ke8 25. exf6 gxf6 26. g5
fxg5 27. Ne5 Bb5 28. Rxe7+ Kxe7 29. Nec6+ Bxc6 30. Nxc6+ Kd6
31. Nxb8 gxf4 32. Nxa6 Kc6 33. b7 Kxb7 34. Nc5+ Kb6 35. Nxe6
g5 36. Nxg5 Kb5 37. Ne6 Kxb4 38. Nxf4 d4 39. h4 1-0

[Event "XI Open Internazionale Valle d'Aosta"]
[Site "Saint Vincent ITA"]
[Date "2003.02.12"]
[EventDate "2003.02.08"]
[Round "5"]
[Result "1-0"]
[White "Magnus Carlsen"]
[Black "Karl Pircher"]
[WhiteElo "2279"]
[BlackElo "2058"]
[PlyCount "53"]

1. d4 Nf6 2. Bg5 d5 3. Bxf6 exf6 4. e3 Bd6 5. c4 dxc4 6. Bxc4
O-O 7. Nc3 c6 8. Nge2 Qe7 9. Qc2 f5 10. h3 Nd7 11. g4 f4
12. e4 f3 13. Ng1 b5 14. Bd3 b4 15. Nd1 c5 16. Ne3 g6 17. Nxf3
cxd4 18. Nd5 Qe6 19. Nxd4 Qe5 20. Nf3 Qe6 21. Nd4 Qe5 22. Nb5
Nc5 23. O-O-O Ba6 24. f4 Qg7 25. Nxd6 Nxd3+ 26. Rxd3 Bxd3
27. Qxd3 1-0

[Event "XI Open Internazionale Valle d'Aosta"]
[Site "Saint Vincent ITA"]
[Date "2003.02.13"]
[EventDate "2003.02.08"]
[Round "6"]
[Result "1/2-1/2"]
[White "Horacio Saldano Dayer"]
[Black "Magnus Carlsen"]
[WhiteElo "2442"]
[BlackElo "2279"]
[PlyCount "41"]

1. e4 Nf6 2. Nc3 e5 3. Nf3 Nc6 4. g3 Bb4 5. d3 d5 6. exd5 Nxd5
7. Bd2 Nd4 8. Bg2 Bg4 9. a3 Bxc3 10. bxc3 Nxf3+ 11. Bxf3 Bxf3
12. Qxf3 b6 13. c4 Ne7 14. Bc3 f6 15. Qg4 O-O 16. Qe6+ Rf7
17. O-O Qd6 18. Qxd6 cxd6 19. f4 exf4 20. Rxf4 d5 21. a4
1/2-1/2

[Event "XI Open Internazionale Valle d'Aosta"]
[Site "Saint Vincent ITA"]
[Date "2003.02.15"]
[EventDate "2003.02.08"]
[Round "8"]
[Result "1/2-1/2"]
[White "Igor Gennadyevich Naumkin"]
[Black "Magnus Carlsen"]
[WhiteElo "2412"]
[BlackElo "2279"]
[PlyCount "85"]

1. d4 Nf6 2. Nf3 d5 3. c4 c6 4. Nc3 a6 5. e3 b5 6. b3 Bg4
7. Be2 e6 8. O-O Nbd7 9. Bb2 Be7 10. Ne5 Bxe2 11. Qxe2 Nxe5
12. dxe5 Nd7 13. cxd5 cxd5 14. f4 O-O 15. Qg4 Qb6 16. Nxd5
exd5 17. Qxd7 Qxe3+ 18. Kh1 Qd2 19. Qxe7 Qxb2 20. Rae1 d4
21. f5 d3 22. f6 Rae8 23. Qd7 gxf6 24. exf6 Qxf6 25. Qxd3 Rxe1
26. Qg3+ Qg6 27. Qxe1 Rc8 28. Rf3 Qc2 29. Qg3+ Qg6 30. Qf4
Qb1+ 31. Rf1 Qg6 32. h3 Rc2 33. Qb8+ Kg7 34. Qe5+ Kg8 35. Qe8+
Kg7 36. Qe5+ Kg8 37. Qd5 Qe6 38. Qd8+ Kg7 39. Qd4+ f6 40. Rf3
Qe5 41. Qg4+ Qg5 42. Rg3 Qxg4 43. Rxg4+ 1/2-1/2

[Event "Ostlandserien (TCh-NOR Qual)"]
[Site "NOR"]
[Date "2003.03.08"]
[EventDate "2002.11.09"]
[Round "8"]
[Result "0-1"]
[White "Gustav Gudbrandsen"]
[Black "Magnus Carlsen"]
[WhiteElo "2253"]
[BlackElo "2279"]
[PlyCount "116"]

1. e4 e5 2. Nf3 d6 3. Bc4 f5 4. d3 Be7 5. O-O Nc6 6. c3 Nf6
7. Ng5 d5 8. exd5 Nxd5 9. Qf3 Bxg5 10. Bxd5 Bxc1 11. Rxc1 Qf6
12. Na3 Ne7 13. Re1 c6 14. Bb3 Ng6 15. Nc4 Kd8 16. Qe3 Re8
17. Qc5 b6 18. Qd6+ Bd7 19. d4 e4 20. Rad1 Qxd6 21. Nxd6 Rf8
22. g3 Kc7 23. Nf7 Rae8 24. h4 h6 25. h5 Ne7 26. Ne5 Nd5
27. c4 Nb4 28. a3 Nd3 29. Nxd3 exd3 30. Rxe8 Rxe8 31. Rxd3 Re2
32. Re3 Rxb2 33. c5 Kd8 34. Be6 Rd2 35. cxb6 axb6 36. g4 Rxd4
37. gxf5 Be8 38. Rg3 Bxh5 39. Rxg7 Rg4+ 40. Rxg4 Bxg4 41. Kg2
Ke7 42. Kg3 Bh5 43. Kf4 Kf6 44. Bd7 c5 45. Bb5 Bf7 46. Be2 Bb3
47. Ke4 Bf7 48. Bd1 h5 49. Kf4 h4 50. Kg4 Ba2 51. Kxh4 c4
52. Kg4 Bb3 53. Be2 c3 54. Bd3 c2 55. Bxc2 Bxc2 56. Kf4 b5
57. f3 Bxf5 58. Ke3 Ke5 0-1

[Event "Ostlandserien (TCh-NOR Qual)"]
[Site "NOR"]
[Date "2003.03.09"]
[EventDate "2002.11.09"]
[Round "9"]
[Result "0-1"]
[White "Magnus Carlsen"]
[Black "Einar J Gausel"]
[WhiteElo "2279"]
[BlackElo "2533"]
[PlyCount "46"]

1. d4 d5 2. Nf3 Nf6 3. Bg5 Ne4 4. Bh4 Qd6 5. Nbd2 Qh6 6. Qc1
c5 7. c3 cxd4 8. Nxe4 Qxc1+ 9. Rxc1 dxe4 10. cxd4 Nc6 11. Ne5
Nxe5 12. dxe5 Bd7 13. e3 e6 14. a3 Bc6 15. Bc4 Be7 16. Bxe7
Kxe7 17. Ke2 a5 18. Rhd1 a4 19. Rd4 Ra5 20. Kd2 Rxe5 21. Kc3
Rc8 22. Kb4 Be8 23. Rc3 Rc6 0-1

[Event "NM-Lag, Asker - Kristiansund, bord 2"]
[Site "Asker NOR"]
[Date "2003.05.29"]
[EventDate "?"]
[Round "2"]
[Result "1/2-1/2"]
[White "Aleksandar Radojicic"]
[Black "Magnus Carlsen"]
[WhiteElo "1858"]
[BlackElo "2315"]
[PlyCount "122"]

1. Nf3 Nf6 2. g3 d5 3. Bg2 e6 4. O-O c5 5. c4 Nc6 6. a3 Be7
7. Qc2 O-O 8. d3 e5 9. Nbd2 d4 10. b4 cxb4 11. axb4 Bxb4
12. Ba3 Bxa3 13. Rxa3 h6 14. Rb1 Re8 15. Ne1 Re7 16. Ne4 Nxe4
17. Bxe4 Rc7 18. Nf3 Qe7 19. Rab3 Rb8 20. Rb5 Bd7 21. Qa2 Qd6
22. R1b2 a5 23. Rb6 Qe7 24. Qa1 Be8 25. R2b5 Ra8 26. Bxc6 Rxc6
27. Rxb7 Rc7 28. Rb8 Rxb8 29. Rxb8 Rb7 30. Rxb7 Qxb7 31. Qxa5
f6 32. Qa2 Bh5 33. Nh4 e4 34. c5+ Kh7 35. Qc2 Qb4 36. Ng2 e3
37. fxe3 dxe3 38. Qc1 Bxe2 39. Nxe3 Bxd3 40. c6 Qd4 41. c7 Ba6
42. Kf2 Bc8 43. Qd1 Qb6 44. Qd3+ f5 45. Qc4 Qb2+ 46. Nc2 Qb6+
47. Ne3 Qb2+ 48. Qc2 Qb6 49. Ke2 Ba6+ 50. Kf2 Bc8 51. h4 h5
52. Qc3 Qd6 53. Qc4 Qd2+ 54. Qe2 Qd7 55. Qc2 Qd6 56. Kg2 Qe5
57. Kf2 Qd6 58. Nf1 Qd4+ 59. Ke1 Qe5+ 60. Kf2 Qd4+ 61. Ne3 Qd6
1/2-1/2

[Event "David Loever Memorial Group A"]
[Site "Vikersund NOR"]
[Date "2003.08.09"]
[EventDate "2003.08.09"]
[Round "3"]
[Result "1/2-1/2"]
[White "Christoph (Wisnewski) Scheerer"]
[Black "Magnus Carlsen"]
[WhiteElo "2391"]
[BlackElo "2385"]
[PlyCount "107"]

1. e4 c5 2. c3 Nf6 3. e5 Nd5 4. Nf3 Nc6 5. d4 cxd4 6. Bc4 Nb6
7. Bb3 d5 8. exd6 Qxd6 9. O-O Be6 10. Na3 Bxb3 11. Qxb3 e6
12. Rd1 Be7 13. Be3 O-O 14. Nxd4 Nxd4 15. Bxd4 Qc6 16. Nb5 Bc5
17. Rd3 Bxd4 18. Nxd4 Qc4 19. Qxc4 Nxc4 20. b3 Ne5 21. Rd2
Rfd8 22. Rad1 g5 23. c4 a5 24. Nf3 Rxd2 25. Rxd2 Nxf3+
26. gxf3 b6 27. Rd7 Rc8 28. Rd6 Rb8 29. Rc6 Kf8 30. Kf1 h6
31. Ke2 Ke7 32. Rc7+ Kf6 33. a3 Kg6 34. Rd7 f6 35. Ke3 Kf5
36. b4 axb4 37. axb4 Ke5 38. Ra7 Rc8 39. Kd3 Rd8+ 40. Kc3 Kf4
41. Rf7 f5 42. Rf6 Rd6 43. c5 bxc5 44. bxc5 Ra6 45. Kc4 Kxf3
46. Kb5 Ra1 47. Rxe6 Kxf2 48. Rxh6 f4 49. Rg6 f3 50. Rxg5 Ke3
51. Rf5 f2 52. Rxf2 Kxf2 53. c6 Kf3 54. c7 1/2-1/2

[Event "David Loever Memorial Group A"]
[Site "Vikersund NOR"]
[Date "2003.08.09"]
[EventDate "2003.08.09"]
[Round "2"]
[Result "1/2-1/2"]
[White "Magnus Carlsen"]
[Black "Stig K Martinsen"]
[WhiteElo "2385"]
[BlackElo "2101"]
[PlyCount "96"]

1. Nf3 d6 2. d4 g6 3. c4 f5 4. g3 Nf6 5. Bg2 Bg7 6. O-O O-O
7. Nc3 Qe8 8. d5 a5 9. Be3 Na6 10. Qd2 Bd7 11. Bh6 Qf7
12. Bxg7 Qxg7 13. Nd4 Nc5 14. e3 Qh6 15. f4 Rfc8 16. Rae1 c6
17. Nb3 Nce4 18. Nxe4 fxe4 19. dxc6 bxc6 20. Nxa5 Qh5 21. b4
c5 22. a3 Bg4 23. b5 Be2 24. Rxe2 Rxa5 25. Bh3 Rca8 26. Be6+
Kh8 27. b6 Rxa3 28. b7 Rb8 29. Bc8 Ra4 30. Rg2 g5 31. Qb2 gxf4
32. gxf4 Qe8 33. Be6 Rb4 34. Qa1 R4xb7 35. Kh1 Ra8 36. Qc3
Rab8 37. Rfg1 Rb1 38. h3 Qh5 39. Rxb1 Rxb1+ 40. Kh2 Rb8
41. Qa1 Qh6 42. Bd5 Qh5 43. Be6 Qh6 44. Qc3 Qh5 45. Qa1 Qh6
46. Rg5 Rd8 47. Qa5 Qf8 48. Qc3 Qh6 1/2-1/2

[Event "David Loever Memorial Group A"]
[Site "Vikersund NOR"]
[Date "2003.08.09"]
[EventDate "2003.08.09"]
[Round "1"]
[Result "1-0"]
[White "Magnus Carlsen"]
[Black "Finn Egeland"]
[WhiteElo "2385"]
[BlackElo "1774"]
[PlyCount "61"]

1. d4 d5 2. c4 e6 3. Nc3 Nf6 4. Bg5 Nbd7 5. Nf3 Be7 6. e3 O-O
7. Rc1 c6 8. Bd3 dxc4 9. Bxc4 Nd5 10. Bxe7 Qxe7 11. O-O Nxc3
12. Rxc3 e5 13. Bb3 e4 14. Nd2 Nf6 15. Qc2 Bg4 16. Rc1 Rfe8
17. Rc5 Nd7 18. Ra5 b6 19. Ra3 Nf6 20. h3 Bf5 21. Ba4 Nd5
22. Bxc6 Nb4 23. Qd1 Nd3 24. Bxa8 Nxb2 25. Qb3 Nd3 26. Rc3 Qg5
27. Rxa7 Be6 28. Nxe4 Qg6 29. Qb5 Rb8 30. Qxd3 Bxh3 31. Ng3
1-0

[Event "David Loever Memorial Group A"]
[Site "Vikersund NOR"]
[Date "2003.08.10"]
[EventDate "2003.08.09"]
[Round "4"]
[Result "0-1"]
[White "Oystein Boyum Fossum"]
[Black "Magnus Carlsen"]
[WhiteElo "2104"]
[BlackElo "2385"]
[PlyCount "100"]

1. c4 g6 2. g3 Bg7 3. Bg2 Nf6 4. Nc3 O-O 5. e4 c5 6. Nge2 Nc6
7. O-O d6 8. d3 Ne8 9. Be3 Bg4 10. h3 Bxe2 11. Nxe2 Nc7 12. d4
cxd4 13. Nxd4 Nxd4 14. Bxd4 Bxd4 15. Qxd4 e5 16. Qd2 Ne6
17. f4 Nd4 18. f5 Qf6 19. h4 Kh8 20. Kh2 gxf5 21. exf5 Rac8
22. Rac1 b6 23. Kh3 Rg8 24. g4 h6 25. Bd5 Rg7 26. Rc3 Rcg8
27. Rg3 Rh7 28. Be4 Ne6 29. Qc3 Kg7 30. fxe6 Qxf1+ 31. Kh2
Qe2+ 32. Bg2 fxe6 33. Kh3 Kh8 34. Bf3 Qf2 35. Bg2 Qf4 36. Qd3
Rhg7 37. Qd1 e4 38. g5 hxg5 39. Rg4 Qe3+ 40. Rg3 g4+ 41. Kh2
Qh6 42. Bxe4 Qxh4+ 43. Kg2 Rf7 44. Qd4+ Qf6 45. Qg1 Qxb2+
46. Kh1 Rf6 47. Qe3 Qf2 48. Rh3+ gxh3 49. Qxh3+ Kg7 50. Qh7+
Kf8 0-1

[Event "David Loever Memorial Group A"]
[Site "Vikersund NOR"]
[Date "2003.08.10"]
[EventDate "2003.08.09"]
[Round "5"]
[Result "1/2-1/2"]
[White "Magnus Carlsen"]
[Black "Kjetil A Lie"]
[WhiteElo "2385"]
[BlackElo "2477"]
[PlyCount "50"]

1. c4 g6 2. Nc3 Bg7 3. d4 Nf6 4. e4 O-O 5. Nf3 d6 6. Be2 c5
7. O-O cxd4 8. Nxd4 Nc6 9. Be3 Bd7 10. Qd2 Nxd4 11. Bxd4 Bc6
12. f3 a5 13. b3 Nd7 14. Be3 Nc5 15. Rab1 Qb6 16. Rfd1 Rfc8
17. Kh1 Qd8 18. Qe1 b6 19. a3 Bd7 20. Nd5 e6 21. Nc3 Qe7
22. Bf4 Qf6 23. Bxd6 Qxc3 24. Qxc3 Bxc3 25. Bxc5 bxc5 1/2-1/2

[Event "European Championship U14"]
[Site "Budva MNE"]
[Date "2003.09.22"]
[EventDate "?"]
[Round "9"]
[Result "1-0"]
[White "Tornike Sanikidze"]
[Black "Magnus Carlsen"]
[WhiteElo "2250"]
[BlackElo "2385"]
[PlyCount "135"]

1.e4 c5 2.Nf3 Nc6 3.d4 cxd4 4.Nxd4 Nf6 5.Nc3 e5 6.Ndb5 d6
7.Bg5 a6 8.Na3 b5 9.Bxf6 gxf6 10.Nd5 f5 11.c3 Bg7 12.exf5 Bxf5
13.Nc2 O-O 14.Nce3 Be6 15.Bd3 f5 16.Bc2 f4 17.Qh5 Rf7 18.Bxh7+
Kf8 19.Bf5 Qe8 20.Bxe6 Qxe6 21.Qg4 Qh6 22.Nf5 Qe6 23.Nfe3 Qh6
24.Nc2 e4 25.Qe2 Re8 26.Qd2 Ne5 27.O-O-O Nc4 28.Qe1 b4
29.Ncxb4 f3+ 30.Ne3 Rb8 31.Rd2 Nxd2 32.Qxd2 Rfb7 33.Qd5 a5
34.Qxa5 Rb5 35.Qa6 Rxb4 36.cxb4 Qf6 37.Qa3 fxg2 38.Nxg2 Qxf2
39.Ne1 e3 40.Nc2 Rc8 41.Qd3 Kg8 42.Kb1 e2 43.Qd5+ Kh7 44.Qd3+
Kg8 45.Ne1 Bh6 46.Qg6+ Kf8 47.Qxh6+ Ke7 48.Qg5+ Ke8 49.Qg8+
Kd7 50.Qg4+ Kc7 51.Qc4+ Kb7 52.Qd5+ Ka7 53.Qf3 Rf8 54.Qd5 Qf5+
55.Qxf5 Rxf5 56.Rg1 Rf1 57.Rg7+ Kb6 58.Kc2 Rxe1 59.Re7 Ra1
60.Rxe2 Rxa2 61.h4 Ra7 62.h5 Kb5 63.h6 Rh7 64.Rh2 Kxb4 65.Kd3
Kc5 66.Ke4 d5+ 67.Kf5 d4 68.Kg6 1-0

[Event "Wch U14"]
[Site "Halkidiki GRE"]
[Date "2003.10.24"]
[EventDate "2003.10.24"]
[Round "2.3"]
[Result "1-0"]
[White "Magnus Carlsen"]
[Black "Andre Diamant"]
[WhiteElo "2450"]
[BlackElo "2149"]
[PlyCount "61"]

1. e4 c5 2. Nf3 Nc6 3. d4 cxd4 4.Nxd4 g6 5. c4 Nf6 6. Nc3 d6 7. Nc2 Bg7 8. Be2 O-O 9. O-O Nd7 10. Bd2 Nc5 11. b4 Ne6 12. Rc1 Ned4 
13. Nxd4 Nxd4 14. Be3 Nxe2+ 15. Qxe2 a5 16. b5 Bxc3 17. Rxc3 f6 18. c5 dxc5 19. Rd1 Qe8 20. Bh6 Rf7 21. Qc4 e5 22. Rd6 Bd7 
23. a4 Rc8 24. Rcd3 Kh8 25. h3 Rc7 26. b6 Rc8 27. Qxf7 Qxf7 28. Rxd7 Qg8 29. Rc7 Qe6 30. Rdd7 Rxc7 31. Rd8+ 1-0

[Event "Claude Pecaut Memorial"]
[Site "Taormina ITA"]
[Date "2003.11.22"]
[EventDate "2003.11.15"]
[Round "8"]
[Result "1-0"]
[White "Magnus Carlsen"]
[Black "Monica Calzetta Ruiz"]
[WhiteElo "2450"]
[BlackElo "2274"]
[PlyCount "57"]

1. d4 Nf6 2. c4 c5 3. d5 b5 4. cxb5 a6 5. bxa6 Bxa6 6. Nc3 d6
7. g3 g6 8. Bg2 Bg7 9. Nf3 Nbd7 10. Rb1 Nb6 11. a4 O-O 12. O-O
Ra7 13. b3 Qa8 14. Nh4 Ne8 15. Bb2 Nc7 16. Qd2 Rb8 17. Rfe1
Bc8 18. e4 c4 19. e5 cxb3 20. exd6 exd6 21. Re7 Bd7 22. Ne4
Ncxd5 23. Bxg7 Kxg7 24. Qd4+ Kf8 25. Rxd7 Nxd7 26. Nc3 Nxc3
27. Rc1 Kg8 28. Bxa8 b2 29. Qxa7 1-0

[Event "ICC match (blitz)"]
[Site "Internet"]
[Date "2004.02.12"]
[EventDate "2004.02.12"]
[Round "2"]
[Result "1-0"]
[White "Nigel Short"]
[Black "Magnus Carlsen"]
[WhiteElo "2702"]
[BlackElo "2484"]
[PlyCount "45"]

1. e4 e5 2. Nf3 Nc6 3. Bb5 a6 4. Ba4 Nf6 5. O-O Be7 6. d4 Nxe4
7. Re1 d5 8. Nxe5 Bd7 9. Bxc6 Bxc6 10. Nxc6 bxc6 11. Qe2 Bd6
12. f3 Qh4 13. g3 Bxg3 14. hxg3 Qxg3+ 15. Kf1 f5 16. Qg2 Qh4
17. fxe4 fxe4 18. Be3 O-O+ 19. Ke2 Rf3 20. Rh1 Qf6 21. Nd2 Rf8
22. Raf1 Qf5 23. Kd1 1-0

[Event "ICC match (blitz)"]
[Site "Internet"]
[Date "2004.02.12"]
[EventDate "2004.02.12"]
[Round "1"]
[Result "1/2-1/2"]
[White "Magnus Carlsen"]
[Black "Nigel Short"]
[WhiteElo "2484"]
[BlackElo "2702"]
[PlyCount "75"]

1. e4 e6 2. d4 d5 3. Nc3 Nf6 4. Bg5 Be7 5. e5 Nfd7 6. h4 O-O
7. Bd3 c5 8. Qh5 g6 9. Qh6 c4 10. Be2 f6 11. h5 Qe8 12. Bg4
Nxe5 13. dxe5 fxg5 14. Nf3 Nc6 15. Nxg5 Bxg5 16. Qxg5 Qe7
17. Qxe7 Nxe7 18. hxg6 Nxg6 19. Rh5 Nf4 20. Rh2 Bd7 21. O-O-O
Rf7 22. g3 Ng6 23. f4 Re8 24. Ne2 Rg7 25. Bh5 Rf8 26. Bxg6
Rxg6 27. Rdh1 Rf7 28. Kd2 d4 29. Rg1 c3+ 30. bxc3 dxc3+
31. Kxc3 Bc6 32. g4 Bf3 33. f5 exf5 34. gxf5 Rxf5 35. Rxg6+
hxg6 36. Nd4 Rf8 37. Nxf3 Rxf3+ 38. Kd4 1/2-1/2

[Event "Aeroflot Open"]
[Site "Moscow RUS"]
[Date "2004.02.17"]
[EventDate "2004.02.17"]
[Round "1"]
[Result "1-0"]
[White "Sarunas Sulskis"]
[Black "Magnus Carlsen"]
[WhiteElo "2582"]
[BlackElo "2484"]
[PlyCount "71"]

1. Nf3 Nf6 2. c4 g6 3. Nc3 Bg7 4. e4 O-O 5. d4 c6 6. Be2 d5
7. e5 Ne4 8. O-O Nxc3 9. bxc3 dxc4 10. Bxc4 c5 11. h3 Nc6
12. Be3 cxd4 13. cxd4 Na5 14. Bd3 Be6 15. Re1 Rc8 16. Qd2 Bd5
17. Nh2 Nc4 18. Bxc4 Rxc4 19. Bh6 Bc6 20. Bxg7 Kxg7 21. Ng4
Rxd4 22. Qg5 Qd5 23. f3 Rd2 24. Ne3 Qd4 25. Kh1 Bd7 26. Rad1
Rxd1 27. Rxd1 Qa4 28. Qxe7 Be6 29. Qf6+ Kg8 30. h4 h5 31. g4
hxg4 32. h5 Qc6 33. Rf1 Bd7 34. Nd5 Kh7 35. hxg6+ fxg6
36. Qe7+ 1-0

[Event "Aeroflot Open"]
[Site "Moscow RUS"]
[Date "2004.02.21"]
[EventDate "2004.02.17"]
[Round "5"]
[Result "1-0"]
[White "Ferenc Berkes"]
[Black "Magnus Carlsen"]
[WhiteElo "2602"]
[BlackElo "2484"]
[PlyCount "119"]

1. d4 Nf6 2. c4 g6 3. Nc3 Bg7 4. g3 O-O 5. Bg2 c6 6. e4 d6
7. Nge2 e5 8. d5 cxd5 9. cxd5 Bd7 10. O-O b5 11. a3 a5 12. Be3
Na6 13. b4 Ng4 14. Bd2 axb4 15. axb4 f5 16. h3 Nf6 17. Qb3 Nh5
18. f3 Qb6+ 19. Kh2 Nc7 20. Rfc1 Nf6 21. Nd1 Rxa1 22. Rxa1 Ra8
23. Be3 Qb7 24. Rc1 Rc8 25. Ndc3 Na8 26. exf5 gxf5 27. f4 e4
28. Nd4 Nb6 29. Nc6 Nc4 30. Nxb5 Qxb5 31. Bf1 Bxc6 32. Bxc4
Bxd5 33. Bxd5+ Nxd5 34. Rxc8+ Kf7 35. Rc2 Ke6 36. Rc4 Kd7
37. Bf2 e3 38. Be1 Nb6 39. Rc2 Nd5 40. Ra2 Bd4 41. Qc2 Nf6
42. Qa4 Qxa4 43. Rxa4 Bb6 44. Kg2 d5 45. Kf3 d4 46. Ke2 h5
47. Ra6 Kc6 48. Kd3 Kb5 49. Rxb6+ Kxb6 50. Kxd4 Kb5 51. Ke5
Ne4 52. Kxf5 Nd2 53. g4 Nf3 54. Bg3 h4 55. Ke4 Nd2+ 56. Kxe3
hxg3 57. h4 Kxb4 58. h5 Kc5 59. h6 Ne4 60. Kf3 1-0

[Event "Stjernespretten Grand Prix"]
[Site "Oslo NOR"]
[Date "2004.05.15"]
[EventDate "2004.05.15"]
[Round "4"]
[Result "0-1"]
[White "Magnus Carlsen"]
[Black "Kjetil A Lie"]
[WhiteElo "2552"]
[BlackElo "2430"]
[PlyCount "80"]

1. d4 Nf6 2. Bg5 Ne4 3. Bf4 c5 4. f3 Qa5+ 5. c3 Nf6 6. Nd2
cxd4 7. Nb3 Qb6 8. Qxd4 Nc6 9. Qxb6 axb6 10. Nd4 Ra5 11. b4
Ra4 12. e4 g6 13. Bb5 Ra3 14. Nge2 Bg7 15. O-O O-O 16. Bc1 Ra8
17. Be3 e5 18. Nb3 d5 19. Ng3 d4 20. Bxc6 dxe3 21. Bb5 Be6
22. Rfe1 Rfc8 23. c4 Bxc4 24. Bxc4 Rxc4 25. Rxe3 Rxb4 26. Rd3
Bf8 27. Ne2 Ne8 28. Rdd1 Nc7 29. Nc3 Rc4 30. Rac1 Ba3 31. Rc2
Nb5 32. Rd3 Bb4 33. Nd5 Rxc2 34. Nxb4 Rc4 35. Nd5 Rxa2 36. h4
Rcc2 37. g4 Nd4 38. g5 Nxb3 39. Nf6+ Kg7 40. Rd8 Rc1+ 0-1

[Event "Outdoor Exhibition Match"]
[Site "Bergen NOR"]
[Date "2004.08.06"]
[EventDate "2004.08.06"]
[Round "1.1"]
[Result "0-1"]
[White "Magnus Carlsen"]
[Black "Simen Agdestein"]
[WhiteElo "2567"]
[BlackElo "2614"]
[PlyCount "208"]

1. d4 Nf6 2. c4 e6 3. Nc3 Bb4 4. Nf3 O-O 5. Bg5 h6 6. Bh4 c5
7. Rc1 cxd4 8. Nxd4 Qa5 9. Bxf6 gxf6 10. a3 Be7 11. e3 Qg5
12. Be2 Kh8 13. O-O Rg8 14. Bf3 Nc6 15. Ne4 Qg7 16. Nxc6 dxc6
17. Nd6 Rd8 18. c5 e5 19. Qb3 Bxd6 20. cxd6 Rb8 21. Rfd1 Be6
22. Qa4 f5 23. e4 fxe4 24. Qxe4 f5 25. Qe3 e4 26. Be2 Rd7
27. Bc4 Bxc4 28. Rxc4 Rbd8 29. Rcd4 Kh7 30. b4 Qe5 31. Qd2 Rg8
32. g3 Rg6 33. a4 h5 34. Rc1 Rgxd6 35. Rxd6 Qxd6 36. Qg5 Qg6
37. Qe3 a6 38. Rc5 Qg4 39. Kg2 Rd3 40. h3 Qf3+ 41. Qxf3 exf3+
42. Kh2 Kg6 43. g4 hxg4 44. hxg4 f4 45. b5 axb5 46. axb5 Rd5
47. Rc4 Rxb5 48. Rxf4 Rb3 49. Kg3 b5 50. Rd4 Kg5 51. Rd6 Rc3
52. Rd4 c5 53. Rd5+ Kf6 54. g5+ Kg6 55. Kf4 Rc4+ 56. Kxf3 b4
57. Ke3 b3 58. Kd3 Rb4 59. Rd6+ Kxg5 60. f4+ Kf5 61. Rd5+ Kxf4
62. Rh5 c4+ 63. Kc3 b2 64. Kxb4 b1=Q+ 65. Kxc4 Qe4+ 66. Kc5
Qe7+ 67. Kb6 Qd8+ 68. Ka6 Qd6+ 69. Kb5 Qd3+ 70. Ka5 Qd2+
71. Kb6 Qd6+ 72. Kb5 Qd7+ 73. Ka5 Qc7+ 74. Kb4 Ke4 75. Rc5
Qb6+ 76. Rb5 Qd4+ 77. Ka3 Kd3 78. Rb4 Qc5 79. Ka4 Qc6+ 80. Kb3
Qc7 81. Ka4 Qc6+ 82. Ka5 Kc3 83. Rb3+ Kc2 84. Rb6 Qa8+ 85. Kb4
Qd5 86. Rb5 Qd4+ 87. Ka5 Kc3 88. Rb6 Qc5+ 89. Ka6 Kc4 90. Kb7
Qe7+ 91. Ka6 Qa3+ 92. Kb7 Kc5 93. Rc6+ Kd5 94. Rb6 Qe7+
95. Ka6 Qd7 96. Rb7 Qa4+ 97. Kb6 Kd6 98. Rb8 Qb4+ 99. Ka7 Qa5+
100. Kb7 Kd7 101. Ra8 Qb5+ 102. Ka7 Kc7 103. Rc8+ Kxc8
104. Ka8 Qa6# 0-1